000 01952nam a22004217a 4500
001 12054018
003 LIBRIS
005 20210501123845.0
008 101208r1980 njua||||||||||000 j|eng|d
020 _a0890090572
_qHBK.
_cNo price
020 _a9780890090572
_qHBK.
_cNo price
035 _aDAW03628468
035 _aDAW03628468
040 _aStDuBDS
_cStDuBDS
_deng
_ea
041 _aeng
080 _a821.111
_bD-79
082 0 4 _a823.912
_221
084 _aHe.016
_2kssb/8
100 1 _aDoyle, Arthur Conan,
_cSir,
_d1859-1930.
245 1 4 _aThe original illustrated Sherlock Holmes :
_b37 short stories plus a complete novel, comprising The adventures of Sherlock Holmes, The memoirs of Sherlock Holmes, The return of Sherlock Holmes and The hound of the Baskervilles /
_cby Arthur Conan Doyle ; reproduced from the original publication in the Strand Magazine with the classic illustrations by Sidney Paget.
_h/ by: Castle Book
264 1 _aSecaucus, N.J.
_bCastle Book
_c1980
300 _a636 p.
_bill.
_c25 cm.
340 _b25 cm.
600 1 4 _aHolmes, Sherlock
_c(fiktiv gestalt)
_0https://libris.kb.se/ljx189f453x0k1s#it
650 0 _aDetective and mystery stories, English.
650 0 _aEnglish literature
_9254
650 0 _aHolmes, Sherlock (Fictitious character)
_vFiction.
650 0 _aWatson, John H. (Fictitious character)
_vFiction.
653 _aინგლისური ლიტერატურა
700 _9774
_aPaget, Edward. Sidney
_eIllustrator
740 0 2 _aStrand Magazine.
887 _a{"@id":"8slm41xl1vzwm54","modified":"2018-10-30T23:00:00+01:00","checksum":"42866811940"}
_2librisxl
887 _a{"@id":"48gnbl590ws1cjl","modified":"2011-01-24T10:13:12+01:00","checksum":"70793217470"}
_2librisxl
900 0 s _6600
_c(fiktiv gestalt)
_uHolmes, Sherlock
_c(fiktiv gestalt)
942 _2udc
_cBK
999 _c1178
_d1178